Diccionario de ciencias sociales y políticas

Guardat en:
Dades bibliogràfiques
Autor principal: Di Tella, Torcuato S (Autor)
Format: Llibre
Idioma:espanyol
Publicat: Buenos Aires Puntosur 1989
Matèries:
Etiquetes: Afegir etiqueta
Sense etiquetes, Sigues el primer a etiquetar aquest registre!

MARC

LEADER 00000nam a2200000 a 4500
001 UCV1402
003 CL-VaPUC
008 900605e19890000AG |||||||||||||||||spa|d
082 0 4 |a 320.03  |b DIT  |2 21 
100 0 |a Di Tella, Torcuato S  |e author  |9 295653 
245 1 0 |a Diccionario de ciencias sociales y políticas 
300 |a 659 p 
942 |c BK 
945 |d 19900605 00:00:00 
260 |a Buenos Aires  |b Puntosur  |c 1989 
650 0 |a Ciencias sociales   |9 256351 
650 7 |a DICCIONARIO  |2 CL-VaPUC  |9 295654 
650 0 |a Español  |9 255372 
650 0 |a Ciencias Políticas  |9 255201 
583 |a last modification  |c 19900605 00:00:00  |k Rodrigo Vera 
999 |c 209361  |d 209359 
952 |0 0  |1 0  |4 0  |6 320_030000000000000_DIT_1989  |7 0  |8 F  |9 184722  |a BIBDER  |b BIBDER  |d 2019-11-14  |i 2520427  |o 320.03 DIT 1989  |p 2520427  |r 2023-01-25  |w 2019-11-14  |y BK_F  |k DER 
952 |0 0  |1 0  |4 0  |6 320_030000000000000_DIT_1989  |7 0  |8 F  |9 184723  |a BIBART  |b BIBART  |d 2019-11-14  |i 1204955  |o 320.03 DIT 1989  |p 1204955  |r 2025-03-13  |w 2019-11-14  |y BK_F  |k ART